000 00802nam2a2200241 4500
001 rc\2958179
005 20110901232504.9
035 _a(NLR Aleph) 007105267
090 _a13603866
_c13603866
100 _a20110901d1937 |||y0rusy50 ca
101 0 _arus
102 _aRU
105 _ay z |||||
200 1 _aИзмерение расходов газа, пара и воды
210 _d1937
461 0 _1001rc\2958178
_12001#$aТруды$eВып. 7-$fСССР-НКТП-ГУМП. Трест "Кокс" Харьковск. науч.-исслед. углехим. ин-т. (УХИН)$vВып. 7
700 1 _aВселюбский
_bС. Б.
701 1 _aКустов
_bБ. И.
801 0 _aRU
_bNLR
_gpsbo
801 1 _aRU
_bELAR
_2rusmarc
852 _aNLR
_j37-17/238
942 _cBOOK
980 _aNB